Personnages-Le Seigneur des Anneaux - Statistiques

Statistiques générales
  • Ce quiz a été pris 3 046 fois
    3 034 depuis la dernière actualisation
  • Le résultat moyen est 23 sur 41
Statistiques - réponses
personnages % Correct
1 Frodon Sacquet
98%
5 Gandalf le Gris
98%
2 Samsagace Gamegie
98%
6 Aragorn
97%
7 Legolas Vertefeuille
97%
8 Gimli
94%
4 Meriadoc Brandebouc
92%
11 Sauron
92%
9 Boromir
91%
3 Peregrin Toucque
91%
16 Saroumane le Blanc
86%
14 Bilbon Sacquet
85%
20 Faramir
85%
13 Galadriel
85%
10 Gollum
85%
15 Elrond
84%
12 Arwen
79%
17 Théoden
78%
19 Eowyn
71%
18 Eomer
64%
21 Denethor
55%
23 Grima langue de serpent
55%
26 Sylvebarbe
45%
22 Celeborn
42%
39 Nazguls
41%
25 Isildur
38%
35 Théodred
30%
36 Tom Bombadil
30%
32 Haldir
26%
31 Déagol
25%
29 Arachne
21%
24 Elendil
17%
34 Père Magotte
16%
27 Gamelin
14%
33 Hama
13%
40 Gripoil
11%
30 Arathorn
10%
38 Bill
7%
28 Prosper Poiredebeurré
6%
37 Arod
5%
41 Hasufel
2%
Aucun quiz correspondant
Distribution des résultats
% des personnes avec chaque résultat
Percentile par nombre de réponses
Votre historique - résultats
Vous n’avez pas pris ce quiz depuis la dernière actualisation